Política y derechos humanos
Salvato in:
| Autore principale: | |
|---|---|
| Natura: | testo |
| Pubblicazione: |
Buenos Aires:
Marymar
|
| Tags: |
Aggiungi Tag
Nessun Tag, puoi essere il primo ad aggiungerne!!
|
MARC
| LEADER | 00000 a a2200000 04500 | ||
|---|---|---|---|
| 001 | 23830 | ||
| 003 | |||
| 040 | |||
| 020 | |a 950-503-081-9 | ||
| 090 | |a 168800 | ||
| 100 | |a Kirkpatrick, Jeane J. | ||
| 245 | |a Política y derechos humanos | ||
| 260 | |a Buenos Aires: |b Marymar | ||
| 300 | |a 255 p. | ||
| 999 | |c 17243 |d 17243 | ||



